Art of the essayist (Record no. 7881)
[ view plain ]
| 000 -LEADER | |
|---|---|
| fixed length control field | 00445cam a2200193ua 4500 |
| 001 - CONTROL NUMBER | |
| control field | 8793 |
| 005 - DATE AND TIME OF LATEST TRANSACTION | |
| control field | 20260515114358.0 |
| 008 - FIXED-LENGTH DATA ELEMENTS--GENERAL INFORMATION | |
| fixed length control field | 150214n ii |||gr||||Z||||||eng |
| 040 ## - CATALOGING SOURCE | |
| Transcribing agency | MAIN |
| 041 ## - LANGUAGE CODE | |
| Language code of text/sound track or separate title | eng |
| 082 ## - DEWEY DECIMAL CLASSIFICATION NUMBER | |
| Classification number | 824 |
| 100 ## - MAIN ENTRY--PERSONAL NAME | |
| Personal name | Lockitt, C. H., |
| Relator term | Editor. |
| 245 1# - TITLE STATEMENT | |
| Title | Art of the essayist |
| Statement of responsibility, etc. | Edited by C. H. Lockitt |
| 250 ## - EDITION STATEMENT | |
| Edition statement | 1st. |
| 260 ## - PUBLICATION, DISTRIBUTION, ETC. | |
| Place of publication, distribution, etc. | Delhi: |
| Name of publisher, distributor, etc. | Longman, |
| Date of publication, distribution, etc. | 1995. |
| 300 ## - PHYSICAL DESCRIPTION | |
| Extent | 294. |
| 653 ## - INDEX TERM--UNCONTROLLED | |
| Uncontrolled term | English essays |
| 942 ## - ADDED ENTRY ELEMENTS (KOHA) | |
| Koha item type | Books |
| Withdrawn status | Lost status | Damaged status | Not for loan | Home library | Current library | Shelving location | Date acquired | Total checkouts | Full call number | Barcode | Date last seen | Copy number | Price effective from | Koha item type |
|---|---|---|---|---|---|---|---|---|---|---|---|---|---|---|
| Naharkatiya College Library | Naharkatiya College Library | General stacks | 09/19/2020 | 824 | ART | 4756 | 09/19/2020 | 3 | 09/19/2020 | Books | |||||
| Naharkatiya College Library | Naharkatiya College Library | General stacks | 09/19/2020 | 824 | ART | 4757 | 09/19/2020 | 2 | 09/19/2020 | Books | |||||
| Naharkatiya College Library | Naharkatiya College Library | General stacks | 09/19/2020 | 824 | ART | 4758 | 09/19/2020 | 5 | 09/19/2020 | Books | |||||
| Naharkatiya College Library | Naharkatiya College Library | General stacks | 09/19/2020 | 824 | ART | 4759 | 09/19/2020 | 4 | 09/19/2020 | Books | |||||
| Naharkatiya College Library | Naharkatiya College Library | General stacks | 09/19/2020 | 824 | ART | 7037 | 09/19/2020 | 1 | 09/19/2020 | Books |